000 01156nam a2200229Ia 4500
003 Ost
005 20260507075048.0
008 260507s9999||||xx |||||||||||||| ||und||
020 _a9957111701
040 _cfsecg
041 _aara
082 _a600
100 _aالحفناوي، محمد يوسف
_eمؤلف
245 0 _aنظم المعلومات المحاسبية /
_c محمد يوسف الحفناوي
260 _aعمان:
_bدار وائل للنشر,
_c2000
300 _a326 صفحة؛
_bإيضاحات ؛
_c24 سم
504 _aببليوغرافيا: ص.321
520 _aتكنولوجيا المعلومات المحوسبة-تركيبة نظام المعلومات المحاسبية-معالجة البيانات المالية المدخلة ومخرجات النظام-دورات معالجة المعاملات-تطوير نظام المعلومات المحاسبية-البرمجيات المحاسبية المعالجة-الرقابة والتدقيق والأمن المستند للحاسب
653 _aالمحاسبة
653 _aنظم المعلومات- المؤسسة الممتدة
942 _cكتاب
999 _c42606
_d42606